The negotible insruments act : (Record no. 146694)

MARC details
000 -LEADER
fixed length control field 00615nam a22001817a 4500
005 - DATE AND TIME OF LATEST TRANSACTION
control field 20171017113956.0
010 ## - LCCN (DPL NO)
LC control number ENG-120771
020 ## - INTERNATIONAL STANDARD BOOK NUMBER
Terms of availability 115.00
035 ## - SYSTEM CONTROL NUMBER
System control number EN-104303
037 ## - SOURCE OF ACQUISITION
Source of stock number/acquisition DBAD/PUB
082 ## - DEWEY DECIMAL CLASSIFICATION NUMBER
Classification number 346.5491096
100 ## - MAIN ENTRY--PERSONAL NAME
Personal name Jhabvala,Noshirvan H.
245 ## - TITLE STATEMENT
Title The negotible insruments act :
Statement of responsibility, etc by Noshirvan H. Jhabvala
Remainder of title Act xxvi of 1881/
260 ## - PUBLICATION, DISTRIBUTION, ETC. (IMPRINT)
Place of publication, distribution, etc Mumbai
Name of publisher, distributor, etc C.Jamnada & Co.Educational & Law Publishers
Date of publication, distribution, etc 2015
270 ## - ADDRESS
Address Shoppe Link 2nd Floor Shop N0-20-21-22 Antop Hill Shekh Misry Road
City Mumbai
Postal code 400037
300 ## - PHYSICAL DESCRIPTION
Extent 155p.
Dimensions 28cm(pbk).
942 ## - ADDED ENTRY ELEMENTS (KOHA)
Source of classification or shelving scheme Dewey Decimal Classification
Item type English Books
Classification part 346.5491096
Call number suffix JHA
Holdings
Withdrawn status Lost status Not for loan Collection code Home library Current library Date acquired Source of acquisition Cost, normal purchase price Full call number Barcode Copy number Cost, replacement price Koha item type
    Not For Loan Non-fiction D.B.Act.Division Bawana 17/10/2017 DBAD/PUB 115.00 346.5491096 JHA EN-104303 1 115.00 English Books

© Delhi Public Library
Hit Counter
free hit counter